000 00253nam a22001097a 4500
082 _a621.38932 GUY'D
100 _aGUY, P. J
_956628
245 _aDISC RECORDING AND REPRODUCTION
260 _aNEWYORK
_bFOCAL PRESS
_c1964
300 _a232P
942 _cBK
999 _c567002
_d567002